000 01292nam a2200265Ia 4500
003 OSt
005 20200921144823.0
008 191128t1992 ck a gr 000 0 spa d
020 _a968451719X
040 _aCO-JMCR
_cCO-JMCR
041 _aspa
082 0 4 _aR /
_b658 B582b
100 1 _aEquipo de Consultores Editoriales de McGraw-Hill,
_ecompiladores
_910594
245 0 _aBiblioteca práctica de negocios :
_badministración financiera /
_ccompilado por el equipo de consultores editoriales de McGraw-Hill ; revisión técnica José I. Gil Mendoza, Marcia González Osuna, Rafael Mirafuentes Magdaleno [y otros 4]
260 _aBogotá :
_bMcGraw-Hill,
_c©1992
300 _b gráficos a color ;
_a181 páginas :
_c24 cm.
500 _aIncluye índice analítico
505 _aElementos fundamentales -- Decisiones para inversiones a largo plazo -- Decisiones de financiamiento a largo plazo -- Decisiones de inversión y financiamiento a corto plazo -- Valuación, decisiones y técnicas financieras
546 _aTraducido del inglés
650 1 4 _aAdministración financiera
_95902
700 _aGil Mendoza, José I.,
_erevisor
_910588
700 _aGonzález Osuna, Marcia,
_erevisor
_91157
700 _aMirafuentes Magdaleno, Rafael,
_erevisor
_910589
942 _2ddc
_cBK
999 _c4486
_d4486